00646nam a2200193 a 4500001000400000003000500004005001700009008004100026020001500067040002000082100001800102245011000120260004100230300001100271490008200282650004600364650002000410650002200430653CDMR20131106103853.0130130s1973||||||||||||||||||||||||||||d a8425050111 aCDMRbcatcCDMR1 aTubau, Iván10aDe Tono a Perichb: el chiste gráfico en la prensa española de la posguerra (1939-1969)cIván Tubau aMadridc1973bFundación Juan March a323 p.0 aMonografías.aDerecho, Economía, Ciencias Sociales y Comuniación Social04aHumorisme gràficxHistòriay1939-196904aDiariszEspanya04aPremsa satírica